Statistics for Stephen Curry Quiz

Click here to take the quiz!

General Stats

  • This quiz has been taken 225 times
  • The average score is 9 of 15

Answer Stats

Answer % Correct
State Born FromOhio
95%
CityAkron
92%
BrotherSeth Curry
90%
FatherDell Curry
89%
TeamGolden State Warriors
86%
SG TeammateKlay Thompson
75%
Pf TeammateDraymond Green
70%
Teams Rings4
68%
Sf TeammateKevin Durant
66%
Finals Appearances2
53%
NicknameChef Curry
44%
Record (15-16 season)73-9
37%
Daughters NameRiley Curry
31%
Record (In the 14-15 season)69-13
2%
NicknameBaby Faced Assaisan
0%

Score Distribution

Percentile by Number Answered

Percent of People with Each Score

Your Score History

You have not taken this quiz